1871 1076 1030 1214 1053 1063 1638 1704 1458 1252 1940 1379 1957 1352 1964 1368 1011 1043 1151 1835 1191 1182 1512 1586 1861 1997 1907 1543 1474 1788 1777 1271 1600 1830 1573 1958 1563 1594 1024 1044 1017 1686 1417 1787 1124 1328 1729 1689 1915 1081 1183 1251 1178 1820 1024 1088 1905 1966 1003 1213 1325 1028 1140 1384 1236 1542 1504 1164 1639 1885 1848 1706 1747 1074 1423 1878 1829 1804 1623 1023 1653 1278 1359 1839 1426 1662 1697 1026 1038 1193 1388 1210 1978 1185 1201 1460 1774 1010 1180 BCNSPRNW ULIB Ver.6.0+V

เปลี่ยนเป็นภาษาไทย

Change to English
 แสดงรายละเอียดบรรณานุกรม
  กลับหน้าหลัก

Brief Record : Get Marc (ISO 2709) : E-mail record : QR code < ปิดหน้าต่าง
LEADER : 00000nam 2200000uu 4500
001    13399129029
003     ULIB
008    250523s2566||||th 000 0 tha d
020    ^a9786165687591
060  0 ^aWY101^bส825ก
100 0  ^aสุปราณี เสนาดิสัย และ วรรณภา ประไพพานิช,^eบรรณาธิการ.
245 00 ^aการพยาบาลพื้นฐาน/^cสุปราณี เสนาดิสัย และ วรรณภา ประไพพานิช (บรรณาธิการ)
250    ^aพิมพ์ครั้งที่ 3 ปรับปรุงครั้งที่ 2
260    ^aกรุงเทพฯ:^bจุดทอง,^c2566
300    ^a861 หน้า
650  0 ^aการพยาบาล
650  0 ^aการพยาบาล- -การบริการ
945    ^p580^l0^i011529
945    ^p580^l0^i011530
945    ^p580^l0^i011531
999    ^aประนอม เกษจรัล
รายการนี้ยังไม่มีแท็ก
คุณยังไม่ได้ล็อกอิน คุณสามารถมีกิจกรรมร่วมกับเว็บไซต์ได้ แต่ต้องล็อกอินก่อน ::
  ล็อกอิน

รายการสื่อสารสนเทศ

ลำดับที่ ประเภท เลขเรียก/บาร์โค้ด สถานที่ สถานะ
1. Book การพยาบาล
หนังสือสำรอง
สถานะ=หนังสือสำรอง
WY101 ส825ก ฉ.1 
  Barcode: 011529
ห้องสมุดวิทยาเขตสวรรค์ประชารักษ์
►หนังสือทั่วไป
บนชั้น
2. Book การพยาบาล
Book การพยาบาล
WY101 ส825ก ฉ.2 
  Barcode: 011530
ห้องสมุดวิทยาเขตสวรรค์ประชารักษ์
►หนังสือทั่วไป
บนชั้น
3. Book การพยาบาล
Book การพยาบาล
WY101 ส825ก ฉ.3 
  Barcode: 011531
ห้องสมุดวิทยาเขตสวรรค์ประชารักษ์
►หนังสือทั่วไป
บนชั้น

รายการใกล้เคียง
    หัวเรื่อง [การพยาบาล]
    หัวเรื่อง [การพยาบาล- -การบริการ]

BibComment


ยังไม่เคยถูกคอมเมนท์

คอมเมนท์ทรัพยากรรายการนี้
  คอมเมนท์: การพยาบาลพื้นฐาน..


 Copyright 2026. Bcnsprnw @Library